000 01203nam a2200265 i 4500
001 156838
003 ES-MaACL
005 20230906210518.0
008 950206s1860 sp a |||| | spa d
040 _aCARM
100 1 _aLacombe, Francis (
_d1817-1867)
_9128562
245 1 0 _aHistoria de la monarquía en Europa, desde su origen hasta nuestro días /
_cpor M. Francis Lacombe ; traducida por Joaquín Gibert.
260 _aMadrid :
_bAntonio de San Martín :
_bEmilio Font ;
_aBarcelona :
_bLibrería de El Plus Ultra,
_c1860.
300 _a4 v. :
_bil. ;
_c20 cm.
490 1 _aLa Maravilla.
_aSegunda serie.
_aSección Instructiva
597 _aJunto con [3] h. de propaganda ed. en v. 1 y [4] h. en v. 4.
597 _aT.I (380 p.,[1] h. de lám.) - T.II (399 p.,[1] h. de lám.) - T.I (429 p.,[1] h. de lám.) - T.I (408 p.,[1] h. de lám.)
599 _aLas h. de lám. son grab. calc.
650 4 _aMonarquía-
_zEuropa-
_xHistoria.
_9163473
651 4 _aEuropa-
_xReyes y Soberanos.
_9137143
700 1 _aGibert, Joaquín.
_956646
830 0 _aLa Maravilla.
_aSegunda serie.
_aSección Instructiva
_9221725
852 _aES-MaACL
_jD-1210-13
_z- Enc. tela
999 _c156838
_d156838